000 00767nam a2200205 i 4500
001 47153
003 ES-MaACL
005 20230906161519.0
007 t|
008 030404s1964 sp ||||1| spa d
245 0 0 _aConstrucción de maquinaria y productos químicos, abonos y papel.
260 _aMadrid :
_bComisaría del Plan de Desarrollo Económico y Social,
_c[1964]
300 _a244 p. :
_b3 gráf. ;
_c30 cm.
490 1 _aAnexo al Plan de Desarrollo Económico y Social, 1964-1967
650 4 _aMáquinas.
_9161230
710 0 0 _aEspaña.
_bComisaría del Plan de Desarrollo Económico y Social.
_93631
830 0 _aAnexo al Plan de Desarrollo Económico y Social, 1964-1967
_9230014
852 _aES-MaACL
_jC-41448
_bR.72896
999 _c47153
_d47153